| 000 | 00739nam a2200217Ia 4500 | ||
|---|---|---|---|
| 008 | 170504s9999 xx 000 0 und d | ||
| 050 | _aHF 5415.32 | ||
| 050 | _b.D324 2016 | ||
| 100 | _aDeinla, Gerard Andrei B. | ||
| 245 | _aImpact of in-store advertising methods on consumer purchase decision in a selected supermarket in barangay Molino 3: | ||
| 245 | _bbasis for developing an effective in-store advertising strategy / | ||
| 245 | _cGerard Andrei B. Deinla. | ||
| 260 | _aLas PiƱas, Philippines : | ||
| 260 | _bSISC, | ||
| 260 | _c2016. | ||
| 300 | _a71 pages : | ||
| 300 | _billustrations ; | ||
| 300 | _c28 cm. | ||
| 500 | _aIncludes bibliographical references and appendices. | ||
| 521 | _aBusiness Administration | ||
| 999 |
_c329784 _d329784 |
||